Breast Surgery: a companion to specialist surgical practice. (4th ed.) (Record no. 63727)
[ view plain ]
| 000 -LEADER | |
|---|---|
| fixed length control field | 00911nam a2200193 a 4500 |
| 008 - FIXED-LENGTH DATA ELEMENTS--GENERAL INFORMATION | |
| fixed length control field | 130516s2009 ||||||||||||||||| || u |
| 020 ## - INTERNATIONAL STANDARD BOOK NUMBER | |
| International Standard Book Number | 9780702030123 |
| 050 ## - LIBRARY OF CONGRESS CALL NUMBER | |
| Classification number | RD 667.5 BRE |
| 100 ## - MAIN ENTRY--PERSONAL NAME | |
| Personal name | Dixon, J. Michael |
| 245 10 - TITLE STATEMENT | |
| Title | Breast Surgery: a companion to specialist surgical practice. (4th ed.) |
| Statement of responsibility, etc. | edited by J. Michael Dixon |
| 250 ## - EDITION STATEMENT | |
| Edition statement | 4th ed. |
| 260 ## - PUBLICATION, DISTRIBUTION, ETC. | |
| Place of publication, distribution, etc. | Edinburgh, London |
| Name of publisher, distributor, etc. | Elsevier |
| Date of publication, distribution, etc. | 2009 |
| 300 ## - PHYSICAL DESCRIPTION | |
| Extent | xiii, 312p.: ill. |
| 350 ## - | |
| -- | 141.86 |
| 490 ## - | |
| -- | A companion to specialist surgical practice |
| 650 ## - SUBJECT ADDED ENTRY--TOPICAL TERM | |
| Topical term or geographic name entry element | BREAST--SURGERY |
| 995 ## - | |
| -- | MEDICAL LIBRARY OPEN ACCESS |
| -- | 902044 |
| -- | CBU-SCHOOL OF MEDICINE LIBRARY (Ndola) |
| -- | RD 667.5 BRE |
| -- | 1 |
| -- | AVAILABLE |
| -- | May 20, 2013 |
| -- | 902044 |
| -- | Medical Library Open Access Collection |
| 995 ## - | |
| -- | MEDICAL LIBRARY OPEN ACCESS |
| -- | 141.86 |
| -- | 903354 |
| -- | CBU-SCHOOL OF MEDICINE LIBRARY (Ndola) |
| -- | RD 667.5 BRE |
| -- | 2 |
| -- | AVAILABLE |
| -- | Feb 29, 2016 |
| -- | 903354 |
| -- | Medical Library Open Access Collection |
| 999 ## - | |
| -- | 63727 |
| -- | 63727 |
| Withdrawn status | Lost status | Source of classification or shelving scheme | Damaged status | Not for loan | Permanent Location | Current Location | Shelving location | Date acquired | Total Checkouts | Full call number | Barcode | Date last seen | Copy number | Price effective from | Koha item type |
|---|---|---|---|---|---|---|---|---|---|---|---|---|---|---|---|
| CBU-SCHOOL OF MEDICINE LIBRARY, NDOLA. | CBU-SCHOOL OF MEDICINE LIBRARY, NDOLA. | 01/25/2023 | RD 667.5 BRE | 902044 | 01/25/2023 | 1 | 01/25/2023 | MONOGRAPH | |||||||
| CBU-SCHOOL OF MEDICINE LIBRARY, NDOLA. | CBU-SCHOOL OF MEDICINE LIBRARY, NDOLA. | 01/25/2023 | RD 667.5 BRE | 903354 | 01/25/2023 | 2 | 01/25/2023 | MONOGRAPH |